00876nam a22002657a 45000010005000000030006000050050017000110080041000280200018000690400029000870500012001160820009001281000020001372450060001572600037002173000048002544900032003025050008003345200121003425210020004635210020004836000028005036100031005317000048005623026FISKH20240131114731.0240131b cb ||||| |||| 00| 0 eng d a9780545372411 aFISKHbengcFISKHdFISKH aQB501.3 a520  aDowswell, Paul  aUsborne first encyclopedia of space cby Dowswell, Paul aNew York : bScholastic , c2001 a64 pages : bcolor illustrations ;c28 cm . aUsborne First Encyclopedias aT  aSimple text, amazing photographs and detailed illustrations introduce young readers to the wonders of the Universe. 8 a810 bLexile 8 aT bRaz-Plus  2astronomy vnon-fiction 2solar system vnon-fiction aBines Gary , & Hancock, Davideillustrators